[Event "20th Hampstead Congress: U2200"]
[Site "London, England"]
[Date "2014.07.19"]
[Round "4"]
[White "Gupta, Arul"]
[Black "Bonafont, Philip"]
[Result "1/2-1/2"]
[WhiteElo "1844"]
[BlackElo "2056"]

1. e4 c5 2. Nf3 d6 3. Bb5+ Bd7 4. Bxd7+ Nxd7 5. O-O Ngf6 6. Qe2 e6 7. b3 Be7
8. c4 O-O 9. Bb2 a6 10. d4 cxd4 11. Nxd4 Qb6 12. Rd1 Rac8 13. Nc3 Rfe8 14. Kh1
Bf8 15. f4 e5 16. fxe5 Nxe5 17. Nf5 Neg4 18. Rf1 g6 19. Ng3 Bg7 20. h3 Ne5 21.
Rad1 Re6 22. Na4 Qc6 23. Qf2 Nxc4 24. Rc1 Qe8 25. bxc4 Qxa4 26. c5 Qd7 27.
Rcd1 Nxe4 28. Nxe4 Rxe4 29. Bxg7 Kxg7 30. Qf6+ Kg8 31. Qxd6 Qxd6 32. Rxd6 Rc7
33. Rb1 Rc4 34. Rdb6 R4xc5 35. Rxb7 Rxb7 36. Rxb7 Ra5 37. Rb2 h5 38. g3 Kg7
39. Kg2 g5 40. h4 g4 41. Rd2 Kg6 42. Rd6+ f6 43. Rd2 Ra3 44. Rf2 a5 45. Re2 a4
46. Kh2 Rf3 47. Kg2 a3 48. Kh2 Rc3 49. Re8 Rc2+ 50. Kg1 Rxa2 51. Ra8 Kf5 52.
Ra4 Ra1+ 53. Kg2 a2 54. Kh2 Ke5 55. Kg2 Kd5 56. Kh2 f5 57. Kg2 Kc5 58. Ra8 f4
59. gxf4 Kd5 60. Ra4 g3 61. f5 Ke5 62. Ra5+ Kf6 63. Ra6+ {(=)} Kxf5 64. Ra5+
Kf4 65. Ra4+ {#d} 1/2-1/2

[Event "20th Hampstead Congress: U2200"]
[Site "London, England"]
[Date "2014.07.19"]
[Round "4"]
[White "Grey, Nicholas D"]
[Black "Farzaliyev, Kanan"]
[Result "1/2-1/2"]
[WhiteElo "1748"]
[BlackElo "1950"]

1. e4 g6 2. d4 Bg7 3. Nf3 d6 4. Nc3 Nf6 5. Be3 O-O 6. Qd2 Ng4 7. Bg5 h6 8. Bh4
Nd7 9. h3 Ngf6 10. e5 Nh7 11. O-O-O Nb6 12. Bd3 Be6 13. Rhe1 d5 14. g4 Qd7 15.
Nh2 g5 16. Bg3 f5 17. exf6 exf6 18. Bxc7 Qxc7 19. Rxe6 Qxh2 20. Rde1 Qf4 21.
R1e3 Rad8 22. Bf5 Rf7 23. Re8+ Rxe8 24. Rxe8+ Rf8 25. Re7 Qxd2+ 26. Kxd2 Rb8
27. Be6+ Kh8 28. Nb5 Nf8 29. Bf5 Nc4+ 30. Kc1 a6 31. Nc7 Rd8 32. Ne8 Nd6 33.
Nxg7 Nxf5 34. Nxf5 Ng6 35. Rxb7 Nf4 36. Nxh6 Ra8 37. Nf5 Nxh3 38. f3 Ng1 39.
Re7 Nxf3 40. Re3 Nh4 41. Rh3 Kg8 42. Nxh4 gxh4 43. Rxh4 Kg7 44. Kd2 Kg6 45.
Rh5 Rd8 46. Kd3 Kf7 47. b3 Ke6 48. c4 Rg8 49. cxd5+ Kd6 50. Rf5 Rxg4 51. Rxf6+
Kxd5 52. Rf5+ Kc6 53. Kc4 Rg6 54. Re5 Kb6 55. d5 Rg4+ 56. Kc3 Kc5 57. Rh5 Rg3+
58. Kb2 Rg2+ 59. Ka3 Rd2 60. b4+ Kc4 61. Rf5 a5 62. bxa5 Rxd5 63. Rxd5 Kxd5
64. Kb4 Kc6 {#d} 1/2-1/2

[Event "20th Hampstead Congress: U2200"]
[Site "London, England"]
[Date "2014.07.19"]
[Round "4"]
[White "Huang, Dion"]
[Black "Bamber, Elaine"]
[Result "0-1"]
[WhiteElo "1759"]
[BlackElo "2085"]

1. d4 e6 2. Nf3 d5 3. c4 c6 4. e3 Nf6 5. Nc3 Nbd7 6. Bd3 Be7 7. O-O O-O 8. Re1
a6 9. a3 dxc4 10. Bxc4 b5 11. Be2 c5 12. dxc5 Nxc5 13. Qc2 Bb7 14. b4 Nce4 15.
Bb2 Rc8 16. Qb3 Nxc3 17. Bxc3 Ne4 18. Bd4 Bd5 19. Qd3 Qc7 20. Nd2 Nxf2 21.
Kxf2 Qxh2 22. Rg1 Bh4+ 23. Kf1 Qg3 24. e4 Qf4+ 25. Bf3 Bb7 26. Ke2 Rfd8 27.
Qe3 Qc7 28. Rgd1 Qc2 29. Rab1 Bg5 30. Qxg5 Rxd4 31. Qe7 Bxe4 32. Rbc1 Bxf3+
33. gxf3 Qd3+ 34. Kf2 Rcd8 35. Ne4 Qxd1 36. Rxd1 Rxd1 37. Ng5 R1d7 38. Qc5
{(=)} Rd2+ 39. Kg3 h6 40. Ne4 R2d3 41. Qb6 Kh7 42. Qxa6 Rb3 43. Nc5 Rb2 44.
Nxe6 {(=)} fxe6 45. Qxe6 Rf8 46. Qd5 Rf6 47. Qxb5 Rb3 48. Qd5 Rxa3 49. Qe4+
Rg6+ 50. Kf2 Ra2+ 51. Ke3 Raa6 52. Kf2 Rab6 53. Kf1 h5 54. Kf2 Rbf6 55. b5 Re6
56. Qf5 Kh6 57. Qf4+ Rg5 58. Qc4 Rb6 59. Qc8 Rgxb5 60. Qh8+ Kg6 61. Qe8+ Kh7
62. Qe4+ Rg6 63. Kf1 Rbg5 64. Kf2 Rg2+ 65. Ke3 Rg1 66. Kf2 Kh6 67. Qf4+ Kh7
68. Qf5 Rh1 69. Ke3 Kh6 70. Qf4+ Kh7 71. Qf5 Rh4 72. Kf2 Kh6 73. Qf8 Rh2+ 74.
Kf1 Rh1+ 75. Kf2 Rh2+ 76. Kf1 Kh7 77. Qf5 Rh4 78. Kf2 Kh6 79. Qf8 Rd4 80. Ke3
Rdd6 81. Qf4+ Kh7 82. Kf2 Rdf6 83. Qe4 Kh6 84. Qe3+ Rg5 85. Qe8 Rgf5 86. Qe3+
g5 87. Kg2 Rxf3 88. Qe8 Rf2+ 89. Kg1 Rf1+ 90. Kg2 R6f2+ 91. Kg3 h4+ 92. Kg4
Rg1+ {#R} 0-1

[Event "20th Hampstead Congress: U2200"]
[Site "London, England"]
[Date "2014.07.19"]
[Round "4"]
[White "Atako, Chino"]
[Black "Finnegan, Oliver"]
[Result "1-0"]
[WhiteElo "2042"]
[BlackElo "1766"]

1. e4 e6 2. Nf3 d5 3. Nc3 Nf6 4. e5 Nfd7 5. d4 c5 6. dxc5 Bxc5 7. Bd3 Nc6 8.
Bf4 Qb6 9. O-O Qxb2 10. Nb5 Qb4 11. Bd2 Qg4 12. Nc7+ Kd8 13. Nxa8 b6 14. Qe2
Bb7 15. Nxb6 Bxb6 16. h3 Qh5 17. Rfe1 h6 18. a4 g5 19. Nd4 Qh4 20. Nxc6+ Bxc6
21. Bb5 Bxb5 22. axb5 h5 23. Ba5 Ke7 24. Bxb6 axb6 25. Qd2 Rc8 26. g3 Qxh3 27.
Qxg5+ Ke8 28. Ra7 Qf5 29. Qxf5 exf5 30. e6 {#r} 1-0

[Event "20th Hampstead Congress: U2200"]
[Site "London, England"]
[Date "2014.07.19"]
[Round "4"]
[White "Tin, Sergey"]
[Black "Bin-Suhayl, Ieysaa"]
[Result "1/2-1/2"]
[WhiteElo "1983"]
[BlackElo "1739"]

1. e4 e6 2. d4 d5 3. Nc3 Nf6 4. e5 Nfd7 5. f4 c5 6. Nf3 Nc6 7. g3 f6 8. exf6
Nxf6 9. Bg2 cxd4 10. Nxd4 Nxd4 11. Qxd4 Bd6 12. O-O O-O 13. Be3 b6 14. Qd2 Bb7
15. Rad1 Qe7 16. Rfe1 Rad8 17. Bd4 Bc5 18. Qe3 Rfe8 {(=)} 19. Na4 Bxd4 20.
Rxd4 Qc7 21. Qc3 Qxc3 22. Nxc3 Rc8 23. Bh3 Rc6 24. Rd2 a6 25. Bg2 Rc4 26. Nd1
Rc7 27. Nf2 Kf7 28. Nd3 Nd7 29. Rde2 a5 30. c3 Ba6 31. Ne5+ Nxe5 32. Rxe5 Bb7
33. f5 Rce7 34. fxe6+ Rxe6 {(=)} 35. Rf5+ Ke7 36. Ref1 Kd6 37. c4 Re5 38. Rf7
R8e7 39. Rxe7 Rxe7 40. Rd1 Re5 41. Kf2 Kc5 42. b3 Bc6 43. Rc1 Rf5+ 44. Ke2 d4
45. Bxc6 Kxc6 46. Rd1 Kc5 47. Rd3 Re5+ {#d} 1/2-1/2

[Event "20th Hampstead Congress: U2200"]
[Site "London, England"]
[Date "2014.07.19"]
[Round "4"]
[White "Hayward, Alan"]
[Black "Miu, Marinel"]
[Result "0-1"]
[WhiteElo "1960"]
[BlackElo "1714"]

1. d4 d5 2. Nc3 f5 3. e4 dxe4 4. Bf4 e6 5. f3 exf3 6. Nxf3 Nf6 7. Bc4 Bd6 8.
Qd2 O-O 9. O-O-O a6 10. Kb1 Bxf4 11. Qxf4 Qd6 12. Qd2 b5 13. Bb3 b4 14. Na4
Ne4 15. Qe3 Nd7 16. Rhe1 Kh8 17. Nc5 Ndxc5 18. dxc5 Qxc5 19. Qf4 a5 20. Ng5
Nxg5 21. Qxg5 a4 22. Bxe6 Bxe6 23. Rxe6 Rae8 24. Rxe8 Rxe8 25. Qd8 Qe5 26. h3
a3 27. c3 Qe4+ 28. Kc1 axb2+ 29. Kxb2 bxc3+ 30. Kxc3 h6 31. Qd5 Qe3+ 32. Qd3
Qc5+ 33. Kb2 Rb8+ 34. Ka1 Qf2 35. Qd2 Qg3 36. Re1 Qg6 37. Rd1 {(=)} f4 38. a4
Qc6 39. Qd4 Ra8 40. Kb1 Rxa4 41. Qd8+ Kh7 42. Qd3+ Qe4 43. Kb2 Qxd3 44. Rxd3
Re4 45. Rd2 Re3 46. Rc2 Rg3 47. Rf2 f3 48. Rxf3 Rxf3 49. gxf3 Kg6 {#R} 0-1

[Event "20th Hampstead Congress: U2200"]
[Site "London, England"]
[Date "2014.07.19"]
[Round "4"]
[White "Millward, David J"]
[Black "Kennedy, Craig"]
[Result "1-0"]
[WhiteElo "1859"]
[BlackElo "1919"]

1. e4 c5 2. Nc3 g6 3. f4 Bg7 4. Nf3 Nc6 5. g3 d6 6. Bg2 Nh6 7. O-O f5 8. d3
O-O 9. Nd5 Bd7 10. c3 b5 11. Qc2 a5 12. Bd2 b4 13. Ne3 a4 14. exf5 gxf5 15.
Ng5 Qc8 16. Nd5 Rb8 17. Qxa4 bxc3 18. Bxc3 Re8 19. Bxg7 Kxg7 20. Qc2 Nd4 21.
Qd2 Bc6 22. b3 Qb7 23. Ne3 Ng4 24. Nxg4 fxg4 25. Rae1 Bxg2 26. Qxg2 Qxg2+ 27.
Kxg2 Ra8 28. Rf2 e6 29. Ne4 Ra6 30. h3 h5 31. hxg4 hxg4 32. Rh1 Rh8 33. Rxh8
Kxh8 34. Nf6 Nf3 35. Kf1 {Black resigned.} {#r} 1-0

[Event "20th Hampstead Congress: U2200"]
[Site "London, England"]
[Date "2014.07.19"]
[Round "4"]
[White "Lees, Fraser"]
[Black "Barasi, Paul"]
[Result "1-0"]
[WhiteElo "1782"]
[BlackElo "1867"]

1. f4 c5 2. Nf3 Nf6 3. b3 e6 4. Bb2 Be7 5. e3 b6 6. Be2 O-O 7. O-O Bb7 8. Na3
a6 9. d3 Nd5 10. Qd2 b5 11. c4 b4 12. cxd5 bxa3 13. Bxa3 Bxd5 14. e4 Bb7 15.
Rfc1 d6 16. Bb2 Qb6 17. Kh1 Nd7 18. Qe1 Bf6 19. Bxf6 gxf6 20. Qh4 Rac8 21. Nd2
d5 22. Rf1 c4 23. Rf3 Rfd8 24. Qh6 Nf8 25. Rg3+ Ng6 26. f5 Rd7 27. fxg6 fxg6
28. Bh5 Rg7 29. bxc4 Rcc7 30. Rb1 Qd4 31. Be2 dxc4 32. Nxc4 g5 33. Qh5 Kf8 34.
Qf3 Rc5 35. Qe3 Qxe3 36. Rxe3 Rd7 37. Kg1 Ke7 38. Rb6 a5 39. Rh3 Kd8 40. Rxe6
f5 41. e5 Bd5 42. Rd6 Rxd6 43. exd6 Bg8 44. Re3 Rb5 45. Re7 g4 46. Rg7 Bd5 47.
Rxh7 Rb1+ 48. Kf2 Bxc4 49. dxc4 Rb2 50. c5 Rxa2 51. c6 Rd2 52. Rh8# 1-0

[Event "20th Hampstead Congress: U2200"]
[Site "London, England"]
[Date "2014.07.19"]
[Round "4"]
[White "Rubeck, Jonathan"]
[Black "Waterfield, John W"]
[Result "1/2-1/2"]
[WhiteElo "1675"]
[BlackElo "1975"]

1. e4 c5 2. c3 d5 3. exd5 Qxd5 4. d4 Nf6 5. Be3 cxd4 6. cxd4 Bg4 7. Ne2 e6 8.
h3 Bh5 9. Nbc3 Qd7 10. Qb3 Bxe2 11. Bxe2 Be7 12. O-O O-O 13. Rfd1 Rd8 14. Rac1
Nc6 15. Bb5 Rac8 16. Qa4 a6 17. Bxc6 Qxc6 18. Qxc6 Rxc6 19. Na4 Rdc8 20. a3
Nd5 21. Rxc6 Rxc6 22. Rc1 Rxc1+ 23. Bxc1 b6 24. Kf1 Kf8 25. Ke2 Ke8 26. Kf3
Kd7 27. Bd2 Kc6 28. Nc3 Nxc3 29. Bxc3 Kd5 30. g3 Kc4 31. Ke4 a5 32. f4 a4 33.
f5 Bxa3 34. fxe6 fxe6 35. Ke5 Be7 36. Kxe6 Bf6 37. d5 Bxc3 38. bxc3 a3 39. d6
a2 40. d7 a1=Q 41. d8=Q Qe1+ 42. Kf7 Qf2+ 43. Kg8 Kxc3 44. Qc7+ Qc5 45. Qxg7+
Kd2 {#d} 1/2-1/2

[Event "20th Hampstead Congress: U2200"]
[Site "London, England"]
[Date "2014.07.19"]
[Round "4"]
[White "Richards, John"]
[Black "Baroukh, Leon"]
[Result "0-1"]
[WhiteElo "1809"]
[BlackElo "1582"]

1. e4 e5 2. Nf3 Nf6 3. Nxe5 Qe7 4. d4 d6 5. Nf3 Qxe4+ 6. Be2 Bf5 7. c3 Nbd7 8.
O-O O-O-O 9. Ng5 Qe8 10. Re1 Be7 11. Qb3 d5 12. Bf4 h6 13. Nf3 Be6 14. Na3
Bxa3 15. Qxa3 a6 16. Qa5 Nb6 17. Rac1 Nh5 18. Bd2 g5 19. Ne5 f6 20. Ng4 Rd6
21. b3 Nf4 22. Bxf4 gxf4 23. h3 Qg6 24. Kh1 Rg8 25. Bf3 h5 26. Nh2 Bf5 27. Rg1
Be4 28. Qa3 Rd7 29. Qb2 Rdg7 30. Qe2 Nd7 31. c4 Re8 32. cxd5 Bxd5 33. Qc2 Qxc2
34. Rxc2 Be6 35. Bxh5 Reg8 36. Bg4 f5 37. Bf3 Nf6 38. Re1 Ne4 39. Bxe4 fxe4
40. Rec1 Rxg2 41. Rxc7+ Kb8 42. Ng4 f3 43. Rh7 Bxg4 44. hxg4 R8xg4 45. Rh8+
Ka7 46. d5 Rxf2 47. d6 e3 48. d7 Rfg2 49. d8=Q f2 50. Qa8+ Kb6 51. Rh6+ Rg6
52. Rxg6+ Rxg6 53. Qd8+ Kb5 54. Qd3+ Kb4 55. Qxg6 Ka3 {time} {#R} 0-1

[Event "20th Hampstead Congress: U2200"]
[Site "London, England"]
[Date "2014.07.19"]
[Round "4"]
[White "Seman, Myroslav"]
[Black "Sanitt, Ethan"]
[Result "0-1"]
[WhiteElo "1800"]
[BlackElo "1565"]

1. d4 d5 2. Bg5 h6 3. Bh4 Nf6 4. Bxf6 exf6 5. e3 Bf5 6. Bd3 Qd7 7. Nf3 Nc6 8.
c3 Bxd3 9. Qxd3 Na5 10. Nbd2 Qc6 11. b4 Nc4 12. Nxc4 dxc4 13. Qe2 a5 14. Rb1
axb4 15. cxb4 b5 16. O-O Ra4 17. e4 Bxb4 18. d5 Qb6 19. e5 O-O 20. Qe4 fxe5
21. Nxe5 Qd6 22. Nc6 Qc5 23. Rfd1 Ba3 24. Ne5 Qe7 25. Qf5 g6 26. Nxg6 fxg6 27.
Qxg6+ Qg7 28. Qc2 Rb4 29. g3 Rxb1 30. Qxb1 Qf6 31. f4 Qb6+ 32. Kg2 b4 33. Qe4
c3 34. Qc4 Qd6 35. Rd4 Kh8 36. Qd3 Bb2 37. Rc4 Rd8 38. Rc6 Qxc6 39. Qd4+ Kg8
40. Qxb4 Qxd5+ 41. Kh3 Qd7+ 42. g4 Qd3+ 43. Kh4 Qd2 44. h3 c2 45. Qc4+ Kh8 46.
Qxc7 c1=Q 47. Qb6 Qd6 48. Qb3 Qe1+ 49. Kh5 Qd5+ 50. Qxd5 Rxd5+ 51. Kxh6 Qe6#
0-1

[Event "20th Hampstead Congress: U2200"]
[Site "London, England"]
[Date "2014.07.19"]
[Round "4"]
[White "Ramaiya, Anshu"]
[Black "Mandnikar, Atreya"]
[Result "1-0"]
[WhiteElo "1775"]
[BlackElo "1561"]

1. e4 c5 2. Nc3 Nc6 3. f4 e6 4. Nf3 b6 5. Bc4 a6 6. d3 Bb7 7. O-O Nf6 8. a3
Be7 9. Qe1 d5 10. Ba2 dxe4 11. dxe4 Nd4 12. Nxd4 cxd4 13. Nd1 Nxe4 14. Nf2
Nxf2 15. Qxf2 Bc5 16. b4 Be7 17. Bb2 Bf6 18. Rad1 Qc7 19. Bxd4 Bxd4 20. Rxd4
b5 21. Rfd1 Bc6 22. f5 exf5 23. Re1+ Be4 24. Qxf5 O-O 25. Rdxe4 Qxc2 26. Qd5
Rad8 27. Qxd8 {#r} 1-0

[Event "20th Hampstead Congress: U2200"]
[Site "London, England"]
[Date "2014.07.19"]
[Round "4"]
[White "Gribben, Chris"]
[Black "Pattni, Kishan"]
[Result "0-1"]
[WhiteElo "1636"]
[BlackElo "1713"]

1. e4 e6 2. d3 d5 3. Nd2 c5 4. Ngf3 Nc6 5. g3 Bd6 6. Bg2 Nge7 7. O-O d4 8. Re1
Ng6 9. h4 e5 10. Nc4 Be6 11. Nxd6+ Qxd6 12. h5 Nge7 13. Ng5 Bd7 14. f4 h6 15.
fxe5 Nxe5 16. Nf3 Bg4 17. Bf4 N7c6 18. Rf1 Bxh5 19. Qd2 Bxf3 20. Bxf3 Nxf3+
21. Rxf3 Ne5 22. Rf2 O-O-O 23. Raf1 f6 24. Qa5 Kb8 25. Kg2 Rhf8 26. b4 b6 27.
bxc5 bxc5 28. Rb1+ Ka8 29. Rb5 Rc8 30. Rf1 g5 31. Bxe5 fxe5 32. Rxf8 Rxf8 33.
Rxc5 Qf6 34. Qe1 Qf3+ 35. Kg1 Qe3+ 36. Qxe3 dxe3 37. Rxe5 e2 38. Re8+ Rxe8 39.
Kf2 Rc8 40. c4 Kb7 41. Kxe2 Kc6 42. Kd2 h5 {#R} 0-1

[Event "20th Hampstead Congress: U2200"]
[Site "London, England"]
[Date "2014.07.19"]
[Round "4"]
[White "Landau, Jonathan"]
[Black "Olutola, Taiwo"]
[Result "1-0"]
[WhiteElo "1945"]
[BlackElo "1538"]

1. e4 e5 2. Nf3 Nc6 3. d4 exd4 4. Bc4 Be7 5. c3 d6 6. Qb3 Bf6 7. Bxf7+ Kf8 8.
Bxg8 Rxg8 9. O-O b6 10. cxd4 Na5 11. Qd3 Be6 12. d5 Bd7 13. Nc3 a6 14. Re1 Nb7
15. Be3 Kf7 16. Bd4 Bxd4 17. Qxd4 Qf6 18. e5 Qf5 19. e6+ Bxe6 20. dxe6+ Ke7
21. Nd5+ Kd8 22. Nxb6 cxb6 23. Qxb6+ Kc8 24. Rac1+ Kb8 25. Nd4 Qd5 26. Nc6+
{#r} 1-0

[Event "20th Hampstead Congress: U2200"]
[Site "London, England"]
[Date "2014.07.19"]
[Round "4"]
[White "Levy, Chris"]
[Black "Wen, Jessica"]
[Result "0-1"]
[WhiteElo "1780"]
[BlackElo "1598"]

1. Nf3 Nf6 2. d4 e6 3. e3 b6 4. Bd3 Bb7 5. Nbd2 Be7 6. b3 O-O 7. Bb2 c5 8.
dxc5 Bxc5 9. c4 Nc6 10. a3 Rc8 11. O-O d5 12. b4 Be7 13. Qb3 Nb8 14. Rfd1 Nbd7
15. Rac1 Rc7 16. Bd4 Qb8 17. Ne5 Rfc8 18. Qb1 h6 19. Ndf3 Ba6 20. Nxd7 Nxd7
21. b5 Bb7 22. Ne5 Bxa3 23. Bh7+ Kf8 24. Nxf7 Kxf7 25. Qg6+ Ke7 26. Qxg7+ Kd8
27. Qg8+ Bf8 28. Bf6+ Nxf6 29. Qxf8+ Ne8 30. Bg6 Re7 31. Ra1 Rxc4 32. Rxa7
Qxa7 33. Bxe8 Rxe8 {#R} 0-1

[Event "20th Hampstead Congress: U2200"]
[Site "London, England"]
[Date "2014.07.19"]
[Round "4"]
[White "Parry, Jacques"]
[Black "Frith, Shane S"]
[Result "1-0"]
[WhiteElo "1773"]
[BlackElo "1526"]

1. d4 d5 2. c4 dxc4 3. Nf3 Nf6 4. e3 e6 5. Bxc4 c5 6. O-O a6 7. a4 b6 8. Qe2
Bb7 9. Rd1 Qc7 10. Nc3 cxd4 11. exd4 Be7 12. Ne5 Nd5 13. Nxd5 exd5 14. Bb3 O-O
15. Bf4 Qd8 16. Rac1 Re8 17. Qh5 g6 18. Qf3 f6 19. Nd3 Bc6 20. Rxc6 Nxc6 21.
Bxd5+ Kg7 22. Bxc6 Rc8 23. Bxe8 Qxe8 24. Re1 Qd7 25. d5 Rc4 26. Rc1 Rxc1+ 27.
Bxc1 Qxa4 28. g3 Qc4 29. Qe3 Bf8 30. Nf4 Bb4 31. Bd2 Bc5 32. Ne6+ Kf7 33. Nxc5
Qxc5 34. Qxc5 bxc5 35. Be3 c4 36. Bc5 f5 37. Kf1 Kf6 38. Ke2 Ke5 39. d6 {#r}
1-0

[Event "20th Hampstead Congress: U2200"]
[Site "London, England"]
[Date "2014.07.19"]
[Round "4"]
[White "Bin-Suhayl, Yousuf"]
[Black "Ramaiya, Arushi"]
[Result "1-0"]
[WhiteElo "1732"]
[BlackElo "1525"]

1. Nf3 Nc6 2. c4 e5 3. Nc3 Nf6 4. d4 exd4 5. Nxd4 Ne5 6. e4 Ng6 7. f4 Bb4 8.
Bd3 O-O 9. O-O Bxc3 10. bxc3 d6 11. Ba3 c5 12. Nc2 b6 13. Ne3 Re8 14. Qc2 Ng4
15. Nd5 Bb7 16. Rae1 Bxd5 17. cxd5 Qh4 {(=)} 18. g3 Qh3 19. Qg2 Qxg2+ 20. Kxg2
Re7 21. h4 Rae8 22. Bb5 Rd8 23. h5 Nf8 24. Kh3 Nf6 25. e5 dxe5 26. c4 N8d7 27.
Bb2 e4 28. g4 h6 {(=)} 29. Re3 Kh8 30. g5 hxg5 31. fxg5 Nxh5 32. Kg4 Nhf6+ 33.
gxf6 Nxf6+ 34. Rxf6 gxf6 35. Bxf6+ Kg8 36. Rh3 Kf8 37. Rh8# 1-0

[Event "20th Hampstead Congress: U2200"]
[Site "London, England"]
[Date "2014.07.19"]
[Round "4"]
[White "Ivanov, Elizabeth"]
[Black "Harrington, James"]
[Result "0-1"]
[WhiteElo "1602"]
[BlackElo "1725"]

1. e4 e6 2. d4 d5 3. exd5 exd5 4. Bd3 Bd6 5. c3 c6 6. h3 Ne7 7. Qc2 Be6 8. Ne2
Qc7 9. O-O Nd7 10. Be3 f5 11. Qd2 h6 12. Bf4 g5 13. Bxd6 Qxd6 14. b4 f4 15. b5
Nf5 16. Bxf5 Bxf5 17. bxc6 bxc6 18. a4 Nf6 19. Re1 O-O 20. Qc1 Qd7 21. Kh2 f3
22. Ng3 Ne4 23. Nxe4 Bxe4 24. Nd2 fxg2 25. Nxe4 dxe4 26. Kxg2 Rf3 27. Rh1 Raf8
28. Ra2 Qd5 29. Qb1 Qf5 30. Qe1 Rd3 31. Qe2 Rxc3 32. h4 Rf3 33. Kf1 e3 34. Rh2
g4 35. Rb2 Rxf2+ 36. Rxf2 Qxf2+ 37. Qxf2 Rxf2+ 38. Rxf2 exf2 39. Kxf2 Kf7 40.
Kg3 h5 {#R} 0-1

[Event "20th Hampstead Congress: U2200"]
[Site "London, England"]
[Date "2014.07.19"]
[Round "4"]
[White "Sanitt, Leo"]
[Black "Wen, Jackson"]
[Result "0-1"]
[WhiteElo "1531"]
[BlackElo "1718"]

1. d4 b6 2. e4 Bb7 3. Nd2 e6 4. Ngf3 Nf6 5. e5 Ne4 6. Nxe4 Bxe4 7. Bd3 Bb7 8.
Bf4 Be7 9. h3 d5 10. c3 Nc6 11. O-O h6 12. Bb5 Qd7 13. Qa4 g5 14. Be3 a6 15.
Bd3 Nxe5 16. Qxd7+ Nxd7 17. Rfe1 O-O-O 18. Ne5 Nxe5 19. dxe5 f5 20. exf6 Bxf6
21. Bd4 Bxd4 22. cxd4 Rde8 23. Re2 Rhg8 24. Rae1 Kd7 25. b4 Rgf8 26. g4 Bc8
27. Bg6 Re7 28. Bf5 Kd6 29. a4 Rff7 30. Bd3 Rf4 31. Rc2 Rxd4 32. Bf1 Rxb4 33.
Rec1 Bb7 34. Bxa6 Bxa6 35. Rc6+ Ke5 {#R} 0-1

[Event "20th Hampstead Congress: U2200"]
[Site "London, England"]
[Date "2014.07.19"]
[Round "4"]
[White "Gladstone, Joel"]
[Black "Samadov, Samir"]
[Result "0-1"]
[WhiteElo "1450"]
[BlackElo "1648"]

1. e4 e6 2. d4 d5 3. e5 c5 4. Bb5+ Nc6 5. c3 cxd4 6. Bxc6+ bxc6 7. cxd4 Ne7 8.
Bg5 h6 9. Bh4 Qa5+ 10. Qd2 Qxd2+ 11. Nxd2 Nf5 12. Ngf3 g5 13. Bg3 g4 14. O-O-O
gxf3 15. Nxf3 h5 16. Rd3 Bh6+ 17. Kb1 Rb8 18. Nh4 Nxh4 19. Bxh4 Rg8 20. Rg1
Rb5 21. f3 c5 22. Bf2 cxd4 23. Bxd4 a5 24. g3 h4 25. f4 hxg3 26. Rgxg3 Rxg3
27. hxg3 Ba6 28. Ra3 Bf8 29. Ra4 Bc5 30. Bxc5 Rxc5 31. b4 Bd3+ 32. Kb2 axb4
33. Rxb4 Rb5 34. Kb3 Bc4+ {#R} 0-1

[Event "20th Hampstead Congress: U2200"]
[Site "London, England"]
[Date "2014.07.19"]
[Round "4"]
[White "Gelain-Sohn, Emmanuelle"]
[Black "Nayak, Raghav"]
[Result "0-1"]
[WhiteElo "1330"]
[BlackElo "1630"]

1. d4 Nf6 2. c4 g6 3. Nc3 Bg7 4. Nf3 d6 5. Bf4 O-O 6. e4 Qe8 7. Be2 Nbd7 8. e5
Nh5 9. Qd2 Nxf4 10. Qxf4 dxe5 11. Nxe5 Nxe5 12. dxe5 c6 13. O-O Be6 14. Qg3
Qd8 15. f4 Qb6+ 16. Kh1 f6 17. b3 fxe5 18. fxe5 Qa5 19. Rac1 Qxe5 20. Qxe5
Bxe5 21. Ne4 Rxf1+ 22. Rxf1 Bd4 23. Ng5 Bd7 24. Rf7 Bf6 25. Rxf6 exf6 26. Ne4
Kg7 27. h3 Re8 28. Bf3 b6 29. g4 c5 30. h4 Bc6 31. Nd2 Bxf3+ 32. Nxf3 Re2 33.
Kg1 Rxa2 34. g5 Rb2 35. Kf1 Rxb3 36. Nd2 Rb2 37. Ke1 fxg5 38. hxg5 Rxd2 39.
Kxd2 h6 40. gxh6+ Kxh6 41. Ke3 g5 42. Kf3 Kh5 43. Kg3 a5 44. Kh3 a4 45. Kg3 a3
46. Kh3 a2 47. Kg3 a1=Q 48. Kf3 Qe1 49. Kg2 Kg4 50. Kh2 Qf2+ 51. Kh1 b5 52.
cxb5 Kg3 53. b6 Qg2# 0-1

[Event "20th Hampstead Congress: U2200"]
[Site "London, England"]
[Date "2014.07.19"]
[Round "4"]
[White "Sellen, John"]
[Black "Gelain-Sohn, Elias"]
[Result "1-0"]
[WhiteElo "1597"]
[BlackElo "1320"]

1. f4 e6 2. Nf3 d5 3. e3 Nf6 4. d4 c5 5. c3 Nc6 6. Bd3 Qb6 7. O-O Be7 8. Qe2
a6 9. Kh1 O-O 10. Nbd2 Rd8 11. Ne5 g6 12. Ndf3 Nxe5 13. fxe5 Ne8 14. Rb1 Qa5
15. a3 c4 16. Bc2 Nc7 17. e4 b5 18. Qf2 f6 19. exf6 Bxf6 20. e5 Bg7 21. Qh4
Rf8 22. Bh6 Bb7 23. Ng5 Rxf1+ 24. Rxf1 Rf8 25. Rxf8+ Bxf8 26. Qf4 {#r} 1-0

[Event "20th Hampstead Congress: U2200"]
[Site "London, England"]
[Date "2014.07.20"]
[Round "5"]
[White "Haribalu, V."]
[Black "Madynski, Pawel"]
[Result "1/2-1/2"]
[WhiteElo "2176"]
[BlackElo "2086"]

1. e4 d5 2. exd5 Qxd5 3. Nc3 Qd6 4. d4 Nf6 5. Nf3 a6 6. g3 Bg4 7. Bg2 Nc6 8.
d5 Ne5 9. Bf4 Nxf3+ 10. Bxf3 Bxf3 11. Qxf3 e5 12. Bg5 Be7 13. O-O-O O-O 14.
Kb1 Ne8 15. Ne4 Qd8 16. Qf5 f6 17. Qe6+ Rf7 18. Be3 Nd6 19. Nxd6 Bxd6 20. c4
b6 21. Qf5 Qd7 {#d} 1/2-1/2

[Event "20th Hampstead Congress: U2200"]
[Site "London, England"]
[Date "2014.07.20"]
[Round "5"]
[White "Bonafont, Philip"]
[Black "Davison, Christopher"]
[Result "1-0"]
[WhiteElo "2056"]
[BlackElo "1919"]

1. d4 Nf6 2. Nf3 e6 3. c4 b6 4. g3 Ba6 5. Qc2 Bb7 6. Bg2 Bb4+ 7. Bd2 Be7 8.
Nc3 O-O 9. e4 d5 10. cxd5 exd5 11. e5 Ne4 12. O-O c5 13. Be3 Qd7 14. Rad1 Qf5
15. Ne1 cxd4 16. Bxd4 Qg6 17. Nxe4 dxe4 18. Qc7 Ba6 19. Qxe7 Nc6 20. Qa3 Bxf1
21. Kxf1 Rad8 22. Qe3 Qe6 23. b3 Nxe5 24. Qxe4 Ng4 25. Kg1 Nf6 26. Qxe6 fxe6
27. Rd2 e5 28. Bc3 Rxd2 29. Bxd2 Rd8 30. Bc3 Rd1 31. Kf1 Nd7 32. Ke2 Rd6 33.
Nd3 Rh6 34. h4 Kf8 35. Nxe5 Re6 36. f4 Nf6 37. Bh3 Re8 38. Bb4+ Kg8 39. Bg2 h6
40. Bc3 g5 41. hxg5 hxg5 42. Bf3 gxf4 43. gxf4 Rc8 44. Kd3 Rd8+ 45. Bd4 Nd5
46. Bxd5+ Rxd5 47. Ke4 Rd8 48. f5 Rc8 49. f6 Rc2 50. a4 Kf8 51. a5 bxa5 52.
Bc5+ Rxc5 53. Nd7+ Kf7 54. Nxc5 Kxf6 55. Kd5 Kf5 56. Nb7 a4 57. bxa4 Kf6 58.
Kc6 Ke6 59. Nc5+ Ke7 60. Kc7 Ke8 61. a5 Ke7 62. a6 Ke8 63. Nb7 {#r} 1-0

[Event "20th Hampstead Congress: U2200"]
[Site "London, England"]
[Date "2014.07.20"]
[Round "5"]
[White "Bamber, Elaine"]
[Black "Gupta, Arul"]
[Result "1-0"]
[WhiteElo "2085"]
[BlackElo "1844"]

1. e4 e5 2. Nf3 Nc6 3. d4 exd4 4. Nxd4 Bc5 5. Be3 Qf6 6. c3 Nge7 7. Qd2 Bb6 8.
Nb5 Ne5 9. f4 Ng4 10. e5 Qc6 11. Bxb6 Qxb6 12. h3 Nh6 13. Qd4 Qxd4 14. cxd4
Kd8 15. g4 Nd5 16. f5 Re8 17. Kd2 a6 18. N5c3 Nb4 19. a3 Nc6 20. Kd3 b5 21.
Bg2 Bb7 22. Ne4 Rb8 23. Rf1 Ne7 24. f6 gxf6 25. Rxf6 Ng6 26. Nbc3 Ke7 27. Raf1
Rf8 28. Bh1 Ng8 29. R6f5 h6 30. Nc5 Bxh1 31. Rxh1 Rb6 32. Nd5+ {#r} 1-0